000 00594nam a2200193 u 4500
005 20230225063857.0
008 071205m19932003mx r 000 0 spa d
020 _a9684761864
035 _aUPN01000153805
049 _aCG
050 4 _aK230
_bN5.2
100 1 _aNino, Carlos Santiago
245 1 0 _aAlgunos modelos metodológicos de "ciencia" jurídica /
_cCarlos S. Nino.
260 _aMéxico :
_bFontamara,
_c1993 (2003 impr.).
300 _a113 p.
440 0 _aBiblioteca de ética, filosofía del derecho y política ;
_v25
650 4 _aDerecho
_xFilosofía
_99941
905 _aLibro
999 _c125926
_d125926